000 00901nam a22001937a 4500
999 _c371501
_d371501
008 201127b ||||| |||| 00| 0 eng d
040 _aDE-2950
_bger
_cDE-2950
_erda
041 _ager
245 _aFlucht vor dem Krieg, Zuflucht in Frankfurt.
_bUkraine: Stündlich erreichen neue Kriegsflüchtlinge die Grenzstadt. Die Lage am Bahnhof ist unübersichtlich. Am Vormittag kam ein Sonderzug mit rund 300 Menschen aus Warschau an. Katastrophenschutz und freiwillige Helfer waren gut vorbereitet. /
_cPhilipp Stepputtis und René Matschkowiak
264 _c2022
653 _aFrankfurt (Oder)
653 _aHumanitäre Hilfe
653 _aUkraine-Krieg
773 _dFrankfurt (Oder) Märkisches Verlags- und Druckhaus GmbH & Co KG
_tMärkische Oderzeitung
_g33. Jahrgang (2022) Nr. 54 vom 05./06.03.2022, S. 19
942 _cA